| 000 | 01105nam0a22002771 4500 | ||
|---|---|---|---|
| 001 | rc\4087317 | ||
| 005 | 20260407100609.0 | ||
| 021 |
_aRU _b[54-33511] |
||
| 035 | _a(NLR Aleph) 008129756 | ||
| 090 |
_a9416228 _c9416228 |
||
| 100 | _a20130415d1954 |||y0rusy50 ca | ||
| 101 | 0 | _arus | |
| 102 | _aRU | ||
| 105 | _ay z ||||| | ||
| 200 | 1 |
_aОпыт обработки кроличьих шкурок _e[Ферма колхоза им. 1 мая Турин. района Свердл. обл. _fВсесоюз. с.-х. выставка |
|
| 210 |
_aМосква _cГоскультпросветиздат _d1954] |
||
| 215 |
_a8 с. _d22 |
||
| 300 | _aАвт. указан на 1-й с. | ||
| 606 |
_aКроличьи шкурки _xОбработка _2psbo |
||
| 700 | 1 |
_aПопов _bА.С. _gАлександр Степанович |
|
| 712 | 1 | 2 |
_aВсесоюзная сельскохозяйственная выставка _f1954-1959 _eМосква _3RU\NLR\AUTH\889927075 _9349816 |
| 801 | 0 |
_aRU _bNLR _gpsbo |
|
| 801 | 1 |
_aRU _bELAR _2rusmarc |
|
| 852 |
_aNLR _jТ60 Г-6/73 |
||
| 942 | _cBOOK | ||
| 980 | _aNB | ||